skbl

Dr Suryya Kumar Bhuyan Library Web-OPAC
ডঃ সূৰ্য্য
কুমাৰ ভূঞা পুথিভঁৰাল ৱেব-অ'পেক

All Research Scholars are advised to clear the annual library fees to continue using Library Resources, Remote Access, Plagiarism Test and Library Clearance.

Cotton University Book Fair 2026

IPR Biosafety and bioethics (Record no. 67743)

MARC details
000 -LEADER
fixed length control field 00956nam a22003377a 4500
003 - CONTROL NUMBER IDENTIFIER
control field OSt
005 - DATE AND TIME OF LATEST TRANSACTION
control field 20260402134422.0
008 - FIXED-LENGTH DATA ELEMENTS--GENERAL INFORMATION
fixed length control field 260402b |||||||| |||| 00| 0 eng d
020 ## - INTERNATIONAL STANDARD BOOK NUMBER
ISBN 9788131774700
040 ## - CATALOGING SOURCE
Transcribing agency SKBL
041 ## - LANGUAGE CODE
Language code of text/sound track or separate title eng
082 ## - DEWEY DECIMAL CLASSIFICATION NUMBER
Classification number 174.9572
Item number GOE
100 ## - MAIN ENTRY--AUTHOR NAME
Personal name Goel, Deepa.
Relator term Author
245 ## - TITLE STATEMENT
Title IPR Biosafety and bioethics
250 ## - EDITION STATEMENT
Edition statement 9th ed.
260 ## - PUBLICATION, DISTRIBUTION, ETC. (IMPRINT)
Place of publication Noida :
Name of publisher Pearson,
Year of publication 2024.
300 ## - PHYSICAL DESCRIPTION
Number of Pages xiv, 233p.
650 ## - SUBJECT ADDED ENTRY--TOPICAL TERM
Topical Term Intellectual property rights
650 ## - SUBJECT ADDED ENTRY--TOPICAL TERM
Topical Term Intellectual property in biotechnology
650 ## - SUBJECT ADDED ENTRY--TOPICAL TERM
Topical Term Biotechnology law and legislation
650 ## - SUBJECT ADDED ENTRY--TOPICAL TERM
Topical Term Biosafety
650 ## - SUBJECT ADDED ENTRY--TOPICAL TERM
Topical Term Biological safety regulations
650 ## - SUBJECT ADDED ENTRY--TOPICAL TERM
Topical Term Bioethics
650 ## - SUBJECT ADDED ENTRY--TOPICAL TERM
Topical Term Ethics in biotechnology
650 ## - SUBJECT ADDED ENTRY--TOPICAL TERM
Topical Term Medical ethics
650 ## - SUBJECT ADDED ENTRY--TOPICAL TERM
Topical Term Genetic engineering ethical aspects
650 ## - SUBJECT ADDED ENTRY--TOPICAL TERM
Topical Term Biotechnology risk assessment
650 ## - SUBJECT ADDED ENTRY--TOPICAL TERM
Topical Term Environmental protection biotechnology
700 ## - ADDED ENTRY--PERSONAL NAME
Personal name Parashar, Shomini.
Relator term Author
942 ## - ADDED ENTRY ELEMENTS (KOHA)
Koha item type Books
Holdings
Withdrawn status Department Home library Current library Accession Date Full call number Accession Number Price effective from Koha item type
  Molecular Biology & Biotechnology Molecular Biology & Biotechnology Department Library Molecular Biology & Biotechnology Department Library 02/04/2026 174.9572/GOE CU6347 02/04/2026 Books
  Molecular Biology & Biotechnology Molecular Biology & Biotechnology Department Library Molecular Biology & Biotechnology Department Library 02/04/2026 174.9572/GOE CU6348 02/04/2026 Books
  Molecular Biology & Biotechnology Molecular Biology & Biotechnology Department Library Molecular Biology & Biotechnology Department Library 02/04/2026 174.9572/GOE CU6349 02/04/2026 Books

Designed and Maintained by Team SKBL
©1901-2026

Powered by Koha